000 00730nam a2200181 i 4500
001 155460
003 ES-MaACL
005 20230906210102.0
008 040721q18801900fr a |||| | fre d
040 _aCAM
_bspa
_cCAM
100 1 _aHippeau, Celestin.
_9127993
245 1 2 _aL'instruction publique dans l'Amérique du Sud (République Argentine)
_b: enseignement primaire, enseignement secondaire, enseignement supérieur /
_cpar C. Hippeau.
260 _aParis :
_bDidier et cie,
_c[s.a.] (
_fTypographie A. Lahure)
300 _aLVI, 403 p., [3] h. de lám. ;
_c18 cm.
596 _aProbablemente impreso entre 1880 y 1900.
650 4 _aEnseñanza pública-
_zArgentina.
_9150815
852 _aES-MaACL
_jD-2601
_z-- Enc. hol.
999 _c155460
_d155460